ロード中...
Purchasing system
| 第一著者: | |
|---|---|
| フォーマット: | Printed Book |
| 言語: | Undetermined |
| 出版事項: |
Ludhiana
Kalyani Publishers
1993
|
| 版: | 1st ed. |
| LEADER | 00515nam a2200145Ia 4500 | ||
|---|---|---|---|
| 008 | 161229s9999 xx 000 0 und d | ||
| 082 | |a 658.72 KAP/PU | ||
| 100 | |a Kapoor, P P | ||
| 245 | |a Purchasing system | ||
| 250 | |a 1st ed. | ||
| 260 | |b Kalyani Publishers |a Ludhiana |c 1993 | ||
| 300 | |a v,147 | ||
| 942 | |c BK | ||
| 999 | |c 150354 |d 150354 | ||
| 952 | |0 0 |1 0 |4 0 |6 658_720000000000000_KAPPU |7 0 |9 149396 |a KAUCLV |b KAUCLV |d 2016-12-29 |g 50.00 |o 658.72 KAP/PU |p 901663 |r 2016-12-29 |w 2016-12-29 |y BK |z Book transferred from CCBM Library ,Acc.No:5327 | ||